NHL:n parhaat suomalaiset kausittain - Statistics

Yleistilastot
  • Tätä visaa on pelattu 1 568 kertaa
    936 viimeisimmän päivityksen jälkeen
  • Keskiarvotulos 39 / 49
Vastaustilastot
Kausi Pelaaja Tehopisteitä % Oikein
2011-2012 Teemu Selänne 66
98%
2010-2011 Teemu Selänne 80
98%
2006-2007 Teemu Selänne 94
98%
2005-2006 Teemu Selänne 90
98%
2000-2001 Teemu Selänne 72
98%
1999-2000 Teemu Selänne 85
98%
1998-1999 Teemu Selänne 107
98%
1997-1998 Teemu Selänne 86
98%
1996-1997 Teemu Selänne 109
98%
1995-1996 Teemu Selänne 108
98%
1994-1995 Teemu Selänne 48
98%
1992-1993 Teemu Selänne 132
98%
2021-2022 Mikko Rantanen 92
96%
2020-2021 Mikko Rantanen 66
96%
2017-2018 Mikko Rantanen 84
96%
1993-1994 Jari Kurri 77
95%
1991-1992 Jari Kurri 60
95%
1989-1990 Jari Kurri 93
95%
1988-1989 Jari Kurri 102
95%
1987-1988 Jari Kurri 96
95%
1986-1987 Jari Kurri 108
95%
1985-1986 Jari Kurri 131
95%
1984-1985 Jari Kurri 135
95%
1983-1984 Jari Kurri 113
95%
1982-1983 Jari Kurri 104
95%
1981-1982 Jari Kurri 86
95%
1980-1981 Jari Kurri 75
95%
2019-2020 Sebastian Aho 66
95%
2018-2019 Aleksander Barkov 94
89%
2014-2015 Mikko Koivu 48
88%
2012-2013 Mikko Koivu 37
88%
2009-2010 Mikko Koivu 71
88%
2008-2009 Mikko Koivu 67
88%
2002-2003 Saku Koivu 71
88%
2016-2017 Mikael Granlund 69
78%
1990-1991 Esa Tikkanen 69
73%
2007-2008 Olli Jokinen 71
71%
2003-2004 Olli Jokinen 58
71%
2015-2016 Jussi Jokinen 60
69%
2013-2014 Valtteri Filppula 58
52%
2001-2002 Sami Kapanen 69
41%
1977-1978 Matti Hagman 5
38%
1976-1977 Matti Hagman 28
38%
1952-1953 Pentti Lund 17
28%
1951-1952 Pentti Lund 5
28%
1950-1951 Pentti Lund 20
28%
1949-1950 Pentti Lund 27
28%
1948-1949 Pentti Lund 30
28%
1979-1980 Risto Siltanen 35
20%
Ehtoja vastaavia visoja ei löytynyt
Tulosjakauma
Jokaisen tuloksen saaneiden osuus
Persentiili vastausten määrän mukaan
Tuloshistoriasi
Et ole pelannut tätä visaa sen viimeisimmän päivityksen jälkeen